All words to rainbow connecinton - Statistics

General Stats
  • This quiz has been taken 6 times
  • The average score is 111 of 202
Answer Stats
Answer % Correct
and
100%
And
100%
are
100%
Are
100%
i
100%
rainbow
100%
so
100%
to
100%
what
100%
why
100%
about
75%
all
75%
be
75%
been
75%
but
75%
have
75%
it
75%
It
75%
its
75%
many
75%
me
75%
of
75%
on
75%
other
75%
rainbows
75%
side
75%
some
75%
songs
75%
the
75%
The
75%
there
75%
we
75%
whats
75%
Whats
75%
when
75%
1
50%
da
50%
day
50%
do
50%
dreamers
50%
find
50%
hide
50%
ignor
50%
know
50%
lovers
50%
magic
50%
my
50%
only
50%
same
50%
see
50%
told
50%
us
50%
visions
50%
voice
50%
wait
50%
weve
50%
will
50%
amazing
25%
belive
25%
calling
25%
chews
25%
connecticun
25%
de
25%
done
25%
heard
25%
im
25%
is
25%
ive
25%
keeps
25%
might
25%
morning
25%
name
25%
sofar
25%
somebody
25%
someone
25%
something
25%
spell
25%
sposed
25%
star
25%
that
25%
them
25%
theres
25%
thought
25%
times
25%
voices
25%
wish
25%
wrong
25%
you
25%
awnserd
0%
belived
0%
calls
0%
connecinocun
0%
connecinoun
0%
every
0%
haffasleep
0%
has
0%
ilousihions
0%
look
0%
losits
0%
nouthing
0%
probobly
0%
sillils
0%
sound
0%
stargasing
0%
sweet
0%
thats
0%
think
0%
this
0%
veon
0%
wonder
0%
would
0%
No matching quizzes found
Score Distribution
Percent of People with Each Score
Percentile by Number Answered
Your Score History
You have not taken this quiz